[Event "GER Pfingstopen U12"]
[Site "Playchess.com INT"]
[Date "2020.06.02"]
[Round "10"]
[White "Staller, Leonard"]
[Black "Charrad, Sami"]
[Result "1/2-1/2"]
[WhiteElo "1620"]
[BlackElo "1620"]
[PlyCount "118"]
[EventDate "2020.06.02"]
[EventType "swiss (blitz)"]
[EventRounds "11"]
[EventCountry "GER"]
[SourceTitle "CBM 197 Extra"]
[Source "ChessBase"]
[SourceDate "2020.09.30"]
[SourceVersion "1"]
[SourceVersionDate "2020.09.30"]
[SourceQuality "1"]

1. e4 e5 2. Qh5 g6 3. Qxe5+ Be7 4. Qxh8 f6 5. Qxg8+ Bf8 6. Qxh7 Qe7 7. Qxg6+ Qf7 8. Qf5 Qg6 9. Qxg6+ Kd8 10. Qxf6+ Be7 11. d3 d6 12. Qf8+ Bxf8 13. Bg5+ Be7 14. Be2 Bxg5 15. Nh3 Bf6 16. 0-0 Bxb2 17. Rd1 Bxa1 18. Na3 Bb2 19. Nc4 Bg7 20. Rb1 Nc6 21. Bh5 Bxh3 22. gxh3 b5 23. Ne3 Bh6 24. Nf5 Bd2 25. Rxb5 a6 26. Rb7 Na5 27. Rb4 Bxb4 28. Ng7 Bc3 29. Be8 Bxg7 30. Bg6 Nc6 31. d4 Nxd4 32. h4 Nxc2 33. Bf5 Nd4 34. Bg6 c5 35. e5 dxe5 36. h5 c4 37. Kf1 c3 38. Ke1 Nc2+ 39. Kd1 Nd4 40. h4 Rc8 41. a4 c2+ 42. Bxc2 Rxc2 43. f3 Rh2 44. h6 Bxh6 45. Ke1 Nxf3+ 46. Kf1 Rxh4 47. a5 Ra4 48. Kf2 Nd4 49. Kg3 Rxa5 50. Kg4 e4 51. Kh4 e3 52. Kg3 Rg5+ 53. Kf4 e2 54. Ke4 Ne6 55. Kd3 e1Q 56. Kc4 Qe5 57. Kd3 Rg4 58. Kc2 Qe3 59. Kd1 Rg2 1/2-1/2